| 000 | 01073nam a22002057a 4500 | ||
|---|---|---|---|
| 999 |
_c145956 _d145956 |
||
| 005 | 20230222104157.0 | ||
| 010 | _a17-18HN-4.8.17 B-700579-587 HIN-124830 | ||
| 020 |
_c495.00 _a9788188872589 |
||
| 035 | _aB-700579-587 | ||
| 035 | _aHN-97176 | ||
| 037 | _bगरिमा बुक्स | ||
| 082 | _a306.0954 | ||
| 100 | _aतिवारी, प्रकाश चन्द | ||
| 245 |
_aभारत का सांस्कृतिक इतिहास / _cप्रकाश चन्द तिवारी |
||
| 260 |
_aदिल्ली _bगरिमा बुक्स _c2018 |
||
| 270 |
_bदिल्ली _a6/40, मोहल्ला महाराम, गली आर्यासमाज, शाहदरा _e110032 |
||
| 300 |
_a160पृ. _c22 सेमी. (सजिल्द) |
||
| 942 |
_2ddc _cHN _h306.0954 _mतिवारी |
||